Compendio de historia de España / (Record no. 156133)

MARC details
000 -LEADER
campo de control de longitud fija 00583nam a22001575i 4500
001 - NÚMERO DE CONTROL
campo de control 156133
003 - IDENTIFICADOR DE NÚMERO DE CONTROL
campo de control ES-MaACL
005 - FECHA Y HORA DE LA ÚLTIMA TRANSACCIÓN
campo de control 20230906210329.0
008 - DATOS DE LONGITUD FIJA--INFORMACIÓN GENERAL
campo de control de longitud fija 040728s1881 sp |||| | spa d
100 1# - ENTRADA PRINCIPAL--NOMBRE DE PERSONA
Nombre de persona Izquierdo Alcaide, Teodoro.
9 (RLIN) 128221
245 10 - MENCIÓN DEL TÍTULO
Título Compendio de historia de España /
Mención de responsabilidad, etc. por Teodoro Izquierdo y Alcaide.
260 ## - PUBLICACIÓN, DISTRIBUCIÓN, ETC.
Lugar de publicación, distribución, etc. Valencia :
Nombre del editor, distribuidor, etc. [s.n.],
Fecha de publicación, distribución, etc. 1881 (
Fabricante Imp. de Manuel Alufre)
300 ## - DESCRIPCIÓN FÍSICA
Extensión XII, 534 p. ;
Dimensiones 22 cm.
651 #4 - PUNTO DE ACCESO ADICIONAL DE MATERIA--NOMBRE GEOGRÁFICO
Nombre geográfico España-
Subdivisión general Historia.
9 (RLIN) 8209
852 4# - LOCALIZACIÓN
Ubicación ES-MaACL
Número de control de estantería D-2295
Nota libre - Enc. hol., conservando cub. original
-- - Dedicatoria autógrafa del autor
Holdings
Estatus retirado Estado de pérdida Estado de daño No para préstamo Colección Biblioteca de origen Biblioteca actual Ubicación en estantería Fecha de adquisición Fuente de adquisición Total de préstamos Signatura topográfica completa Código de barras Visto por última vez Precio de reemplazo Tipo de ítem Koha
        Libros del s. XIX Biblioteca del Ateneo de Madrid Biblioteca del Ateneo de Madrid Sala Valle Inclán 17/01/2008     D-2295 901163343 23/02/2023 23/02/2023 Libro impreso antiguo